JORNADAS DE INVESTIGACIONES
Gespeichert in:
| Körperschaft: | |
|---|---|
| Format: | Buch |
| Sprache: | Spanish |
| Schlagworte: | |
| Tags: |
Tag hinzufügen
Keine Tags, Fügen Sie den ersten Tag hinzu!
|
MARC
| LEADER | 00000nam a22000007a 4500 | ||
|---|---|---|---|
| 003 | cru CIDCACS/IIS | ||
| 005 | 20190212062532.0 | ||
| 007 | TA | ||
| 008 | 170906b2002 CR ||||| |||| 00| 0 spa d | ||
| 999 | |c 40395 |d 40395 | ||
| 040 | |c cru CIDCACS/IIS | ||
| 110 | 1 | |9 1425 |a Universidad de Costa Rica. Facultad de Ciencias Sociales. Instituto de Investigaciones en Psicología | |
| 245 | |a JORNADAS DE INVESTIGACIONES | ||
| 650 | 1 | 0 | |9 75 |a CIENCIAS SOCIALES |
| 650 | 1 | 0 | |9 839 |a PROBLEMAS SOCIALES |
| 650 | 4 | |9 2728 |a ANALISIS ECONOMICO | |
| 650 | 0 | |9 3066 |a ASPECTOS POLITICOS | |
| 650 | 1 | 0 | |9 632 |a ASPECTOS SOCIALES |
| 650 | 0 | |9 4888 |a TERRITORIO | |
| 650 | 1 | 0 | |9 2378 |a SECTOR AGROPECUARIO |
| 650 | 1 | 0 | |9 5178 |a ASPECTOS CULTURALES |
| 650 | 1 | 0 | |9 299 |a MIGRACION |
| 650 | 4 | |9 4495 |a MIGRACION INTERNACIONAL | |
| 650 | 1 | 0 | |9 3844 |a MIGRACION FORZADA |
| 650 | 1 | 0 | |a ACUMULACION DE CAPITAL |9 669 |
| 650 | 1 | 0 | |9 284 |a POBREZA |
| 942 | |2 ddc |c RE | ||
